| 000 | 01346aam a2200385 i 4500 | ||
|---|---|---|---|
| 001 | 011932224 | ||
| 003 | EG-ScBUE | ||
| 005 | 20240331092557.0 | ||
| 008 | 830418r19821951enkb f b 000 0 eng d | ||
| 020 | _a0140444335 | ||
| 020 | _a9780140444339 | ||
| 040 |
_aEG-ScBUE _beng _erda _cEG-ScBUE _dEG-ScBUE |
||
| 041 | 1 |
_aeng _hlat |
|
| 043 |
_ae-fr--- _ae------ |
||
| 082 | 0 | 4 |
_a936.402 _222 _bCAE |
| 100 | 1 |
_aCaesar, Julius, _eauthor. _933597 |
|
| 240 | 1 | 0 |
_aDe bello Gallico. _lEnglish |
| 245 | 1 | 4 |
_aThe conquest of Gaul / _cCaesar ; translated by S. A. Handford ; revised with a new introduction by Jane F. Gardner. |
| 250 | _aRevised edition. | ||
| 264 | 1 |
_aLondon : _bPenguin Books, _c1982. |
|
| 300 |
_a262 pages : _bmaps ; _c19 cm. |
||
| 336 |
_2rdacontent _atext _btxt |
||
| 337 |
_aunmediated _2rdamedia _bn |
||
| 338 |
_avolume _bnc _2rdacarrier |
||
| 490 | 0 | _aPenguin classics | |
| 504 | _aIncludes bibliographical references. | ||
| 546 | _aText in English ; translated from the original Latin. | ||
| 650 | 7 |
_2BUEsh _aMilitary history, Ancient. |
|
| 651 | 7 |
_aGaul _xHistory _yGallic Wars, 58-51 B.C. _2BUEsh _933598 |
|
| 653 | _cSeptember2013 | ||
| 655 | _vReading book | ||
| 700 | 1 |
_aHandford, S. A. _q(Stanley Alexander), _d1898-1978, _etranslator. _933599 |
|
| 700 | 1 |
_aGardner, Jane F., _ereviwer. _933590 |
|
| 942 |
_2ddc _cBB |
||
| 999 |
_c17513 _d17485 |
||